=LDR 00000nam 2200000 4500 =001 INLIS000000000058098 =005 20210804112800 =035 ##$$a 0010-0821000023 =007 ta =008 210804###########################0#ind## =020 ##$$a tidak teridentifikasi =082 ##$$a 500 =084 ##$$a 500 Wol p =245 1#$$a Kalo Einstein lagi cukuran ngobrolin apa ya ? : $b Lebih banyak lagi penjelasan ilmiah ttg peristiwa sehari-hari /$c Wolke Robert L =250 ##$$a cet 5 =300 ##$$a 265 halaman : $b Ilustrasi ; $c 24 cm =650 #4$$a Pemasaran =264 ##$$a jakarta :$b Gramedia pustaka utama,$c 2005 =336 ##$$a teks$2 rdacontent =337 ##$$a lain-lain$2 rdamedia =338 ##$$a lain-lain$2 rdacarrier =990 ##$$a 06440644